000 00537nam a2200205 a 4500
005 20140310183219.0
008 030923s19uu xx 00 eng d
020 _a9780256171747
050 _aHB 172.5
_b.Sl554 1996
100 _aSlavin, Stephen L.
245 _aMacroeconomics /
_cStepehn L. Slavin.
250 _a4th ed.
260 _aChicago :
_bIrwin,
_c1996.
300 _a504 p. :
_bgraphs ;
_c28 cm.
500 _aIncludes Index
521 _aBSBA
650 _aMacroeconomics
942 _cBK
_2lcc
_kFOR
999 _c20283
_d20283